000 00617nam a22001815i 4500
001 54895
003 ES-MaACL
005 20230906163038.0
007 t|
008 960729s1887 sp ||||1| spa d
040 _aCAM
_bspa
_cCAM
100 1 _aGaray, Félix.
_953941
245 1 4 _aLas matemáticas fuera de la lógica
_b: colección de artículos publicados en la Revista de Telégrafos /
_cpor Félix Garay.
260 _aMadrid :
_b[s.n.],
_c1887 (
_fEstablecimiento tipográfico de Manuel Minuesa de los Rios)
300 _a106 p. ;
_c22 cm.
852 _aES-MaACL
_jT-1289-F-2
852 _aES-MaACL
_jT-558-F-3
999 _c54895
_d54895